Elaboración y puesta en práctica de una metodología para estandarizar el diseño de sistema de bombeo de hidrocarburos en RECOPE
Wedi'i Gadw mewn:
| Prif Awdur: | |
|---|---|
| Awduron Eraill: | , |
| Fformat: | Llyfr |
| Iaith: | Spanish |
| Cyhoeddwyd: |
[San José, Costa Rica]
2016
|
| Pynciau: | |
| Tagiau: |
Ychwanegu Tag
Dim Tagiau, Byddwch y cyntaf i dagio'r cofnod hwn!
|
MARC
| LEADER | 00000nam a22000007a 4500 | ||
|---|---|---|---|
| 003 | 012374 | ||
| 005 | 20230919083028.0 | ||
| 008 | 160622b2016 cr a|||| |||| 00| ||spa d | ||
| 040 | |c cru CEDI | ||
| 100 | |9 5100 |a Aguilar Mora, Daniel A | ||
| 245 | |a Elaboración y puesta en práctica de una metodología para estandarizar el diseño de sistema de bombeo de hidrocarburos en RECOPE | ||
| 260 | |a [San José, Costa Rica] |c 2016 | ||
| 300 | |a xi,126,[12]hojas; ilustraciones a color | ||
| 500 | |a Tesis (licenciatura en ingeniería mecánica)--Universidad de Costa Rica. Facultad de Ingeniería. Escuela de Ingeniería Mecánica, | ||
| 501 | |a Director de Tesis de Graduación: Ing. Daniel Murillo | ||
| 650 | |x PETROLEO COMO COMBUSTIBLE - TRANSPORTE |x OLEODUCTOS |x MAQUINAS DE BOMBEO - ANALISIS DE COSTOS |9 5101 | ||
| 700 | |9 21641 |a Rodríguez Herrera, Andrés A. | ||
| 700 | |9 1519 |a Chaves Salas, Sergio Iván, 1988- | ||
| 942 | |c CEDI | ||
| 999 | |c 16934 |d 16934 | ||
